[Event "Puspokladany Arnoth Memorial-A 16th"]
[Site "Puspokladany"]
[Date "2023.07.27"]
[Round "2"]
[White "Steiner, Botond"]
[Black "Szunyogh, Istvan"]
[Result "1-0"]
[WhiteElo "1750"]
[BlackElo "1844"]
[PlyCount "105"]
[EventDate "2023.07.26"]
[EventType "swiss"]
[EventRounds "9"]
[EventCountry "HUN"]
[SourceTitle "EXT 2025"]
[Source "ChessBase"]
[SourceDate "2024.10.14"]
[SourceVersion "1"]
[SourceVersionDate "2024.10.14"]
[SourceQuality "1"]

1. e4 e6 2. d4 d5 3. e5 c5 4. c3 Qb6 5. Nf3 Nc6 6. Be2 cxd4 7. cxd4 Bb4+ 8. Nc3 Bxc3+ 9. bxc3 Na5 10. 0-0 Bd7 11. Ba3 Ne7 12. Nd2 Qd8 13. Rb1 a6 14. Bc5 b5 15. a4 Nc4 16. Nxc4 bxc4 17. Rb6 0-0 18. Qa1 Re8 19. Rfb1 Nc8 20. R6b4 Na7 21. Bd1 Nc6 22. Rb6 Qc8 23. Bd6 Ra7 24. Qa3 Qa8 25. a5 Qc8 26. Ba4 Ra8 27. Qc5 Nxe5 28. Bxd7 Nxd7 29. Qxc8 Rexc8 30. Rb7 Nf6 31. f3 g5 32. Re7 Re8 33. Rc7 Reb8 34. Rxb8+ Rxb8 35. Ra7 Rb3 36. Rxa6 Rxc3 37. Ra8+ Kg7 38. a6 Rc1+ 39. Kf2 Rc2+ 40. Ke3 Rxg2 41. a7 Ra2 42. Bf8+ Kg6 43. Bc5 h5 44. Rd8 Rxh2 45. a8Q c3 46. Ba3 g4 47. fxg4 hxg4 48. Rc8 Kf5 49. Qb8 Rh3+ 50. Ke2 Nd7 51. Qc7 Nf6 52. Bc1 g3 53. Qf4+ 1-0

[Event "Puspokladany Arnoth Memorial-A 16th"]
[Site "Puspokladany"]
[Date "2023.07.26"]
[Round "1"]
[White "Jaro, Benjamin"]
[Black "Steiner, Botond"]
[Result "1-0"]
[WhiteElo "2019"]
[BlackElo "1750"]
[PlyCount "103"]
[EventDate "2023.07.26"]
[EventType "swiss"]
[EventRounds "9"]
[EventCountry "HUN"]
[SourceTitle "EXT 2025"]
[Source "ChessBase"]
[SourceDate "2024.10.14"]
[SourceVersion "1"]
[SourceVersionDate "2024.10.14"]
[SourceQuality "1"]

1. e4 e6 2. d4 d5 3. e5 c5 4. c3 Qb6 5. Nf3 Bd7 6. Be2 Bb5 7. 0-0 Bxe2 8. Qxe2 cxd4 9. cxd4 Nc6 10. Nc3 Nge7 11. Be3 Nf5 12. g4 Nxe3 13. fxe3 Be7 14. Rac1 0-0 15. Qb5 Qxb5 16. Nxb5 Rfd8 17. Rf2 a6 18. Nc3 Rac8 19. Kf1 b5 20. a3 Na5 21. Nd2 Bg5 22. Ke2 Nc4 23. Nxc4 bxc4 24. Na4 Rb8 25. Rc2 Rb3 26. Rc3 Rdb8 27. Kf3 Rxc3 28. Nxc3 Rb3 29. Re2 Be7 30. Rc2 Kf8 31. e4 dxe4+ 32. Kxe4 Rb8 33. Na4 Ke8 34. Rxc4 Kd7 35. Kd3 Rb5 36. b4 a5 37. Nc5+ Ke8 38. Kc3 axb4+ 39. axb4 Rb8 40. Kb3 Ra8 41. b5 Ra1 42. Rc2 Bd8 43. Na4 Rb1+ 44. Kc4 Be7 45. Nc5 Kd8 46. Ra2 Rc1+ 47. Kb4 Rb1+ 48. Ka5 Kc8 49. Kb6 Bd8+ 50. Kc6 Bc7 51. Ra8+ Bb8 52. b6 1-0

[Event "Lovo op 13th"]
[Site "Lovo"]
[Date "2018.08.25"]
[Round "2"]
[White "Steiner, Botond"]
[Black "Halmai, Florian"]
[Result "1/2-1/2"]
[WhiteElo "1019"]
[BlackElo "1448"]
[PlyCount "119"]
[EventDate "2018.08.25"]
[EventType "swiss"]
[EventRounds "5"]
[EventCountry "HUN"]
[SourceTitle "CBM 186 Extra"]
[Source "ChessBase"]
[SourceDate "2018.08.24"]
[SourceVersion "1"]
[SourceVersionDate "2018.08.24"]
[SourceQuality "1"]

1. e4 c5 2. d4 cxd4 3. c3 dxc3 4. Nxc3 d6 5. Bc4 e6 6. Nf3 a6 7. a4 Qc7 8. Qb3 Nc6 9. 0-0 Na5 10. Qb4 Nxc4 11. Be3 Nf6 12. a5 Nxe3 13. fxe3 d5 14. Qd4 Qc4 15. exd5 Qxd4 16. exd4 exd5 17. Rfe1+ Be6 18. Ng5 Kd7 19. Na4 Bb4 20. Re2 h6 21. Nxe6 fxe6 22. Nb6+ Kd6 23. Nxa8 Rxa8 24. Ra4 Bxa5 25. Rxa5 b6 26. Ra3 Ne4 27. Rc2 a5 28. b4 Nf6 29. bxa5 bxa5 30. Rca2 e5 31. dxe5+ Kxe5 32. Rxa5 Rxa5 33. Rxa5 Ne4 34. Kf1 g5 35. Ke2 h5 36. Ke3 Nd6 37. Kd3 Nf5 38. g3 g4 39. Ra4 Nd6 40. Ra8 Ne4 41. Re8+ Kf5 42. Kd4 Nf6 43. Re5+ Kg6 44. Rxd5 Nxd5 45. Kxd5 Kf5 46. Kd4 Kg5 47. Ke3 h4 48. Ke4 hxg3 49. hxg3 Kf6 50. Kf4 Kf7 51. Kxg4 Kg6 52. Kf4 Kf6 53. g4 Kg6 54. g5 Kg7 55. Kf5 Kf7 56. g6+ Kg7 57. Kg5 Kg8 58. Kf6 Kf8 59. g7+ Kg8 60. Kg6 1/2-1/2

[Event "Gyor Amateur op 11th"]
[Site "Gyor"]
[Date "2018.01.06"]
[Round "1"]
[White "Steiner, Botond"]
[Black "Balogh, Anett"]
[Result "0-1"]
[WhiteElo "1071"]
[BlackElo "1334"]
[PlyCount "82"]
[EventDate "2018.01.06"]
[EventType "swiss"]
[EventRounds "6"]
[EventCountry "HUN"]
[SourceTitle "EXT 2019"]
[Source "ChessBase"]
[SourceDate "2018.10.10"]
[SourceVersion "1"]
[SourceVersionDate "2018.10.10"]
[SourceQuality "1"]

1. e4 e5 2. Nf3 Nc6 3. d4 exd4 4. Nxd4 Qf6 5. Be3 Bc5 6. c3 Nge7 7. Bc4 0-0 8. 0-0 Ne5 9. Nd2 d6 10. Re1 Qg6 11. Bf1 f5 12. Qc2 f4 13. Qb3+ Kh8 14. Nc2 fxe3 15. Nxe3 Qf6 16. f3 Qh6 17. c4 N7c6 18. Rad1 Nd4 19. Qc3 Qg6 20. Be2 Nxe2+ 21. Rxe2 Nxf3+ 22. Nxf3 Rxf3 23. Rf1 Rxf1+ 24. Kxf1 Bxe3 25. Qxe3 Bg4 26. Rf2 h6 27. h3 Bd7 28. e5 Qb1+ 29. Ke2 Qxb2+ 30. Kf1 Qxe5 31. Qxe5 dxe5 32. Rf7 Bc6 33. Rxc7 Rf8+ 34. Kg1 e4 35. Re7 Rd8 36. c5 Rd1+ 37. Kh2 Ra1 38. Kg3 Rxa2 39. Re5 Kh7 40. h4 Kg6 41. h5+ Kf6 0-1

[Event "Balassi Amateur op 2nd"]
[Site "Janossomorja"]
[Date "2017.08.26"]
[Round "4"]
[White "Steiner, Botond"]
[Black "Molnar, Imre2"]
[Result "1-0"]
[WhiteElo "1008"]
[BlackElo "1174"]
[PlyCount "67"]
[EventDate "2017.08.26"]
[EventType "swiss"]
[EventRounds "7"]
[EventCountry "HUN"]
[SourceTitle "EXT 2019"]
[Source "ChessBase"]
[SourceDate "2018.10.10"]
[SourceVersion "1"]
[SourceVersionDate "2018.10.10"]
[SourceQuality "1"]

1. e4 Nc6 2. d4 e6 3. Nf3 h6 4. Be2 f6 5. 0-0 a6 6. Nc3 d5 7. exd5 exd5 8. Bd3 Nge7 9. Ne2 g5 10. c4 Bf5 11. Bxf5 Nxf5 12. b3 Qd7 13. Nc3 Nce7 14. Re1 0-0-0 15. Ba3 g4 16. Nd2 Nxd4 17. Nf1 Nec6 18. Bxf8 Rhxf8 19. Ne3 h5 20. Nexd5 Qf5 21. Qxd4 Rxd5 22. Qe4 Qxe4 23. Rxe4 Rd3 24. Re3 Rfd8 25. Rxd3 Rxd3 26. Nd5 f5 27. Nf4 Rd2 28. Nxh5 Nb4 29. h3 Nxa2 30. hxg4 fxg4 31. Re1 Nc3 32. Nf6 Ne2+ 33. Kh2 Nd4 34. Re8# 1-0

[Event "Gyor Mobilis Amateur op"]
[Site "Gyor"]
[Date "2016.12.18"]
[Round "5"]
[White "Bodor, Bator"]
[Black "Steiner, Botond"]
[Result "0-1"]
[WhiteElo "953"]
[BlackElo "660"]
[PlyCount "38"]
[EventDate "2016.12.17"]
[EventType "swiss"]
[EventRounds "6"]
[EventCountry "HUN"]
[SourceTitle "EXT 2025"]
[Source "ChessBase"]
[SourceDate "2024.10.14"]
[SourceVersion "1"]
[SourceVersionDate "2024.10.14"]
[SourceQuality "1"]

1. e4 e5 2. Nc3 Nf6 3. d3 c6 4. Nf3 d6 5. Be2 Be7 6. 0-0 0-0 7. Bg5 h6 8. Bxf6 Bxf6 9. Qd2 Bh4 10. d4 f6 11. Rad1 Qe8 12. g3 Bg5 13. Bc4+ Be6 14. Bd3 Bxd2 15. Rxd2 Bh3 16. Re1 Qh5 17. dxe5 Qxf3 18. Bc4+ Kh8 19. exf6 Qg2# 0-1